01737nam a2200373 a 4500001001000000003000500010005001700015008004100032010001100073011001100084040000900095090001000104100004500114245018200159260004000341500006000381502013100441590004100572590004100613590004000654590004000694590004000734650004600774650004800820650004700868650006000915856007000975901000701045942001001052942000601062999001901068952013601087952014001223000113094CHAP20220329144338.0170420s2016 mx sm |||||||spa d a109555 a110527 cCHAP aTesis1 aMejía Núñez, Denisse Analy913194810aContaminantes microbiológicos y metales pesados en el cultivo de maíz forrajero (Zea mays L.) irrigado con aguas tratadash[En línea]cpor Denisse Analy Mejía Núñez. aDurango, Méx. :bEl autor,c2016. aPara ver el contenido del material haga clic en la liga aTesis (M.C. en Recursos Naturales y Medio Ambiente en Zonas Áridas) -- UACH. Unidad Regional Universitaria de Zonas Áridas aBATCH-UPDb05c20170420lUCH01h1206 aE11695DGDb10c20170425lUCH01h1522 aE5765TAJb05c20170420lUCH01h1106 aE5765TAJb05c20170420lUCH01h1106 aE5765TAJb05c20170420lUCH01h120614aAguas residuales para irrigación.9259114aContaminantes orgánicos del agua.913196114aMaíz como forrajexIrrigación.913195014aMetales pesadosxEfecto en maíz como forraje.9131949 aFinding aiduhttp://10.13.5.2/tesis/sist113094.pdfzTeclea aquí aBK cTESIS n0 c109555d109555 00104054718TESISaBCbBCd2017-04-20fTESISl0oTesisp33724002524991r2019-12-31 00:00:00w2019-12-31yTESISzRecien adquirido 00102local4053708TESISaBCbBCcPA_TESISd2017-04-20fTESISl0oTesisp33724002525033r2019-12-31 00:00:00tc.2w2019-12-31yTESIS